000 00787nam a22002291a 4500
003 AR-RoUNCS
005 20260702165557.0
007 ta
008 091203s2008 ag |r 00| f spa d
020 _a978-987-04-0975-5
040 _aAR-RoUNCS
_bspa
_cAR-RoUNCS
100 1 _aBodoc, Liliana,
_d1958-2018
245 1 3 _aEl mapa imposible /
_cLiliana Bodoc.
250 _a1a ed.
260 _aBuenos Aires :
_bAlfaguara,
_c2008.
300 _a105 p. ;
_c22 cm.
490 0 _aSerie Roja
520 _aLila, Diego y Julián se dedican a investigar aquellos lugares propios de la infancia y el crecimiento, tales como la siesta, la fiebre, la adolescencia, la mentira, las escondidas, el azar.
650 7 _2embne
_aLiteratura argentina
655 7 _aNovela
_2embne
942 _2udc
_cOG
_n0
999 _c1076
_d1076